000 00707nam a22002417a 4500
003 OSt
005 20220107122848.0
008 190430b xxu||||| |||| 00| 0 eng d
020 _a9788131528976
040 _cIIITMK
082 _a346.048 BOU/I
100 _aBouchoux, Deborah E
_915402
245 _aIntellectual property:
_bThe law of trademarks, copyrights, patents and trade secrets
_cDeborah E Bouchoux
250 _a4
260 _aNew Delhi,
_bCengage Learning,
_c2013.
300 _axxiv, 547p.
650 _aINTELLECTUAL PROPERTY RIGHTS
_916399
650 _aTRADEMARK
_916400
650 _aCOPYRIGHT
_916401
650 _aPATENT
_916402
650 _aTRADE SECRETS
_916403
942 _2ddc
_cBK
999 _c6426
_d6426